000 01358nam a22003494a 4500
001 ebr10300911
003 CaPaEBR
006 m u
007 cr cn|||||||||
008 070716s2007 enka s 001 0 eng
010 _z 2007029112
020 _z9781841128016
040 _aCaPaEBR
_cCaPaEBR
035 _a(OCoLC)608624304
050 1 4 _aHF5381
_b.C6874 2007eb
082 0 4 _a650.1
_222
100 1 _aCoomber, Stephen.
245 1 0 _aWhere do all the paperclips go-- and 127 other business and career conundrums
_h[electronic resource] /
_cby Steve Coomber & Marc Woods.
260 _aChichester ;
_aHoboken, N.J. :
_bCapstone Pub.,
_c2007.
300 _aix, 206 p. :
_bill.
500 _aIncludes index.
533 _aElectronic reproduction.
_bPalo Alto, Calif. :
_cebrary,
_d2013.
_nAvailable via World Wide Web.
_nAccess may be limited to ebrary affiliated libraries.
650 0 _aVocational guidance
_vMiscellanea.
650 0 _aCareer development
_vMiscellanea.
650 0 _aBusiness
_vMiscellanea.
650 0 _aEntrepreneurship
_vMiscellanea.
650 0 _aIndustrial management
_vMiscellanea.
655 7 _aElectronic books.
_2local
700 1 _aWoods, Marc.
710 2 _aebrary, Inc.
856 4 0 _uhttp://site.ebrary.com/lib/rucke/Doc?id=10300911
_zAn electronic book accessible through the World Wide Web; click to view
999 _c66496
_d66496